Four Random Movies by Directors - Statistics

General Stats
  • This quiz has been taken 179 times
  • The average score is 10 of 16
Answer Stats
Description Movie % Correct
Stanley Kubrick Astronauts travel to Jupiter to find the meaning of an ancient obelisk - but the ship's computer has other plans 2001: A Space Odyssey
100%
Ron Howard Nobel Prize winning economist descends into madness A Beautiful Mind
100%
Ultraviolent droogs drink milk, commit crimes, and listen to Ludwig Van A Clockwork Orange
100%
Miloš Forman 18th century musical genius is driven to his death by a jealous rival Amadeus
100%
Ben Affleck Fake film crew rescues hostages from Iran Argo
100%
James Cameron Man helps blue space aliens to overcome an evil human mining corporation Avatar
100%
Robert Zemeckis Teenager must go back in time to make his parents fall in love so that he can exist Back to the Future
100%
Peter Jackson Four dwarves start a journey to throw a jewelery into a volcano The Fellowship of the Ring
100%
Steven Spielberg Children help a gentle, Reeses-loving alien return to his home planet E.T.: The Extra-Terrestrial
100%
Mentally-challenged Southerner finds himself a part of many
historical events of the 20th century
Forrest Gump
100%
Spike Jonze Joaquin Phoenix falls in love with a very advanced version of Siri Her
100%
A preeteen girl has a brain controlled by five emotions: joy, sadness, anger,fear, and disgust Inside Out
100%
Giant great white shark has a taste for human flesh Jaws
100%
Oliver Stone The assassination of the 35th U.S. President was actually an elaborate conspiracy JFK
100%
Tod Phillips Aspiring Gotham City comedian loses his mind and starts killing people Joker
100%
Nothing could possibly go wrong in a theme park that brings dinosaurs back to life Jurassic Park
100%
Bride uses kung-fu to avenge herself against the people whodisrupted her wedding and put her into a coma Kill Bill Vol. 1
100%
Giant ape runs amok in New York City King Kong
100%
Misunderstood comic Andy Kaufman angers all around him Man on the Moon
100%
Grim reaper moves in with a rich tycoon - and starts to fall for the tycoon's daughter Meet Joe Black
100%
Man with no long-term memory uses Polaroid pictures to find his wife's killer Memento
100%
Boxing coach trains a female boxer, but tragedy strikes Million Dollar Baby
100%
Monsters scare children and harvest their screams for energy Monsters, Inc.
100%
Two sisters meet a large furry creature while waiting for the bus under rain My Neighbor Totoro
100%
Steven Soderbergh One man and his ten closest associates plan an elaborate casino heist Ocean's Eleven
100%
Man fakes insanity in order to get himself transferred to a mental institution and avoid hard labor where he gets mistreated by a mean nurse One Flew Over the Cuckoo's Nest
100%
Bong Joon-ho Poor family take over a rich family's house by firing their old employees Parasite
100%
An Emishi prince, infected with a lethal curse, sets off to find a cure and landsin a battle between mining town and forest gods Princess Mononoke
100%
Medieval Japanese Emperor hands his empire to his three sons... a very bad idea Ran
100%
Pregnant woman suspects her neighbours have sinister plans for her baby Rosemary's Baby
100%
American soldiers must save a man whose three brothers have all been killed Saving Private Ryan
100%
Akira Kurosawa A poor villager hires unemployed professional swordsmen to protect his village Seven Samurai
100%
Jazz pianist is not ready to die yet Soul
100%
Hayao Miyazaki Japanese girl and her parents have been banished to the spirit realm Spirited Away
100%
Psychotic cable installer ruins a man's life The Cable Guy
100%
Christopher Nolan The Caped Crusader faces his greatest foe The Dark Knight
100%
Groom goes missing after an epic bachelor party in Vegas, and Mike Tyson's tiger gets stolen The Hangover
100%
Tom Hooper Diction coach must help a stammering monarch The King's Speech
100%
Man is stuck on Mars, and only science can rescue him The Martian
100%
Frontiersman pursues revenge after being attacked by a bear and left for dead The Revenant
100%
A daydreaming man with a dull life sets out on a real romantic and action-packed journey after his job is threatened The Secret Life of Walter Mitty
100%
Writer and his wife are winter caretakers of a haunted resort in Colorado The Shining
100%
M. Night Shyamalan Therapist must help a boy who sees dead people The Sixth Sense
100%
Robot from the future tries to assassinate a woman The Terminator
100%
Romance crosses class lines on an ill-fated transatlantic voyage Titanic
100%
Actors shooting a jungle war movie are caught in an actual combat zone Tropic Thunder
100%
Pete Docter Old man travels to the Angel Falls with a ballooned house Up
100%
A ronin enters a small village divided by two criminal gangs Yojimbo
100%
Ben Stiller Dim-witted male model must uncover an assassination plot Zoolander
100%
German bounty hunter helps a former slave to rescue his wife Django Unchained
92%
A woman's disappearance casts a media spotlight on her husband Gone Girl
92%
Team of American Nazi hunters plot to kill Hitler at a French movie theater Inglourious Basterds
92%
David Fincher Socially unpopular but brilliant computer programmer starts a famous website The Social Network
92%
Man's life is actually just an elaborate reality TV show The Truman Show
89%
Man and his volleyball are stranded on a tropical island Cast Away
88%
Two youths from feuding families fall in love Romeo + Juliet
88%
The story of the British evacuation from France in 1940 Dunkirk
86%
"I always wanted to be a gangster" says a boy who grew up to be just that Goodfellas
86%
Green giant is not jolly - in fact, he is a product of rage Hulk
86%
Dream technician goes into dream land to steal information but maybe gets stuck there Inception
86%
Openly gay man is first to win election Milk
86%
Martin Scorsese Cab driver takes vigilante action against a New York City pimp Taxi Driver
86%
Unethical stock broker Jordan Belfort becomes a Wall Street tycoon The Wolf of Wall Street
86%
Clint Eastwood In the Old West, an aging outlaw is now a man of peace - until he decides to take one last job Unforgiven
86%
Girl is transported to a strange land after she follows a rabbit down a hole Alice in Wonderland
83%
Space miners encounter an extraterrestrial life form that kills all but one of them Alien
83%
Private investigator is caught in a tangled web of incest and water politicsin 1920s Los Angeles Chinatown
83%
Denis Villeneuve On a desert planet, precious spice is harvested from giant worms,somehow making it possible to fold space Dune
83%
Ridley Scott Roman general is cast into slavery but becomes a legend of the Colosseum Gladiator
83%
Male stripper teaches a younger performer how to party and make easy money Magic Mike
83%
Quentin Tarantino Boxer angers a mob boss, but later frees that same mob boss from a sex dungeon Pulp Fiction
83%
Serial killer's crimes represent each of the deadly sins Se7en
83%
Pennsylvanian priest and his children and brother becomes convinced that crop circles are caused by aliens Signs
83%
Roman Polanski Brilliant Jewish piano player hides from the Nazis with help from a German officer The Pianist
83%
A portal in an office building allows people to enter the mind of a famous actor Being John Malkovich
80%
Black detective embarks on a mission to infiltrate his town's chapter of the KKK BlacKkKlansman
80%
Darren Aronofsky The pressures of "Swan Lake" cause a ballerina to descend into madness Black Swan
80%
Biopic about a well-known civil rights activist Malcolm X
80%
Lonely 8-year-old boy sails away to an island inhabited by giant ugly cat-like creatures, who declare him their king Where the Wild Things Are
80%
A modern-day remake of "Heart of Darkness", set during the Vietnam War Apocalypse Now
78%
Vampiric count moves from Transylvania to England Bram Stoker's Dracula
78%
Minnesota car dealer hires thugs to kidnap his own wife Fargo
78%
Man finds money in rural Texas but is hunted down by a killer with a weird air gun No Country for Old Men
78%
Francis Ford Coppola College boy becomes head of a Mafia crime family The Godfather
78%
Oilman goes a relentless pursuit to become the most powerful oil tycoon There Will Be Blood
78%
Woody Allen Man tries to figure out why his relationship with the eponymous female lead fails Annie Hall
75%
Houston problem solvers must help save a wounded spacecraft Apollo 13
75%
The story of the rape of a bride and her samurai husband's murder is told from four different people's perspectives Rashomon
75%
The world is plunged into an ice age, and for some reason the only survivorslive aboard a train that continuously circumnavigates the world Snowpiercer
75%
Crack addict was once a talented boxer - now all eyes are on his younger brother The Fighter
75%
Baz Luhrmann Bootlegger throws lavish parties at his Long Island mansion and has a girlfriend who commits vehicular manslaughter The Great Gatsby
75%
Mischeivous fox can't resist the temptation to raid farms Fantastic Mr. Fox
73%
Wes Anderson Concierge befriends a lobby boy, in the process of proving his innocence, that he is framed for in a pink building The Grand Budapest Hotel
73%
Best friends are Miami narcotics detectives Bad Boys
71%
Ang Lee Two cowboys can't quit each other or move to a more tolerant part of the country Brokeback Mountain
71%
Gus Van Sant Troubled Boston genius needs the help of a talented therapist to go through an emotional crisis Good Will Hunting
71%
Young milliner is turned into an elderly woman by a witch Howl's Moving Castle
71%
To heal a broken nation, South African team must win the rugby World Cup Invictus
71%
Shipwreck survivor must share a boat with a tiger Life of Pi
71%
On a day which will live in infamy, two friends battle invading Japanese forces Pearl Harbor
71%
U.S. Marshal starts to doubt his sanity when he is sent to investigate a missing patient at an insane asylum Shutter Island
71%
In Victorian England, a surgeon tries to help a horribly deformed man whois forced to be part of a freak show The Elephant Man
71%
SEAL team must break INTO Alcatraz to defeat a rogue marine The Rock
71%
Michael Bay Morphing space robots battle for control of a powerful artifact, whose location is held by a teenager Transformers
71%
The life of the greatest Greek leader Alexander
67%
Two boys shoot at a tourist bus, injuring a woman, in Morocco Babel
67%
In the year 2019, a bounty-hunter must kill escaped replicants in dystopian Los Angeles Blade Runner
67%
Paul Thomas Anderson Busboy is discovered by a porn film producer and is lifted up to fame overnight Boogie Nights
67%
Male human accidentally marries a skeleton-like woman and enters the land of the dead while practising his wedding vows in the woods Corpse Bride
67%
Tim Burton Kooky outsider has shears for hands Edward Scissorhands
67%
Single mom uncovers a corporate conspiracy to illegally dump toxic materials Erin Brockovich
67%
A widely-panned romantic comedy whose co-stars were romantically involved in real life Gigli
67%
Alfonso Cuarón Scientist is trapped in space after her space shuttle is destroyed by space debris Gravity
67%
Damien Chazelle Jazz pianist and struggling actress fall in love La La Land
67%
Professor embarks on a sexual relationship with his 12 year old stepdaughter Lolita
67%
Man is framed for drunk driving and pursued by a crop duster beforehaving a showdown at Mount Rushmore North by Northwest
67%
Guillermo del Toro Little girl goes into the wonderland during the Spanish Civil War Pan's Labyrinth
67%
Apes run the world and the Statue of Liberty has been torn down Planet of the Apes
67%
Alfred Hitchcock Motel owner stabs a woman in the shower Psycho
67%
A year in the life of a middle-class family's maid in 1970s Mexico City Roma
67%
Prep school student gets a job babysitting a blind retired army officer - hooah Scent of a Woman
67%
Man with 23 personalities is developing a new and terrifying 24th Split
67%
Coen Brothers Dude and his bowling buddies battle nihilists The Big Lebowski
67%
An abundance of fowl attack people in a small Northern California town The Birds
67%
Punk girl with hacking skills tries to unmask a Swedish serial killerwith the help of a journalist The Girl with the Dragon Tattoo
67%
Controversial pornography publisher defends free speech The People vs. Larry Flynt
67%
Mute janitor falls in love with a South American creature in her workplace The Shape of Water
67%
Former detective has an inner ear imbalance and a fear of heights Vertigo
67%
Ambitious drummer is pushed to his limit by his abusive instructor Whiplash
67%
Sylvester Stallone All-American boxer uses old fashioned training methods to defeat acold-hearted Soviet boxer Rocky IV
63%
Evil LA cop steals money from drug dealers and tries to frame a younger cop for it Training Day
63%
Author needs to write a movie script about an orchid thief, but has writer's block Adaptation.
60%
Spike Lee A young man named Mookie must decide whether to riot against intolerant Italian pizza parlor owners Do the Right Thing
60%
David Lean British officer recruits desert dwellers to fight against the Ottomans in WWI Lawrence of Arabia
60%
Flying nanny delights children in London during the Great Depression Mary Poppins Returns
60%
While God drowns the vast majority of humanity, a drunkard andhis family survive aboard an ark Noah
60%
Story of one of the first known recipients of sex reassignment surgery The Danish Girl
60%
Language professor is hired by the U.S. government to communicate with aliens Arrival
58%
Mustachioed 1970s newsman falls into depression after his dog is punted off a bridge Anchorman: The Legend
of Ron Burgundy
57%
David Lynch Man is left to care for his grossly deformed child in a desolate industrial landscape Eraserhead
57%
Detroit curmudgeon shows a Hmong teenager how to fix things and be a real man Gran Torino
57%
Blonde actress befriends an amnesiac woman recovering from a car accident Mullholland Drive
57%
Man of constant sorrow escapes the chain gang and has amusical odyssey through the American South O Brother, Where Art Thou?
56%
The meticulous lifestyle of a celebrated dress designer undergoes a drastic change when he falls for a waitress who later becomes his muse and lover Phantom Thread
56%
Surveillance expert has a crisis of conscience when he suspects that the couple he is spying on will be murdered The Conversation
56%
Two soldiers must deliver a critical message to another battalion in order to prevent them from stepping right into a deadly ambush 1917
50%
Teenage journalist from the 1970s goes on tour with a rock band Almost Famous
50%
Petty criminals entrap politicians into accepting money from fake Arabs American Hustle
50%
Young Mayan hunter is captured by invading forces and shall be sacrificed Apocalypto
50%
Wheelchair-bound Vietnam vet has a hard time adjusting to civilian life Born on the Fourth of July
50%
Mel Gibson Scottish patriot rises up to defend his land against evil Englishmen Braveheart
50%
Scientist turns a regular guy into a super soldier, equipped with an indestructible shield Captain America:The First Avenger
50%
In the future, women cannot get pregnant Children of Men
50%
A scientifically-accurate account of what might happen in the event of deadly new virus Contagion
50%
Young sexy man transforms the American mainstream rock and roll culture Elvis
50%
John Carpenter Escaped mental health patient stalks a high school girl and is very difficult to kill Halloween
50%
The Boy Who Lived goes on a quest to find out how a recently-escaped fugitive is connected to his late parents Harry Potter and the Prisoner of Azkaban
50%
Absent-minded inventor accidentally shrinks his children Honey, I Shrunk the Kids
50%
Cameron Crowe Sports agent gains a conscience and loses all his clients except for one Jerry Maguire
50%
Joe Johnston Board game comes to life Jumanji
50%
Twice-divorced 42-year-old comedy writer falls for his best friend's mistress Manhattan
50%
Each night, a moody writer is magically transported into thegolden era of 1920s Paris Midnight in Paris
50%
Mankind must build giant robots to fight monsters from the deep Pacific Rim
50%
FBI agent inflitrates a gang of bank-robbing surfers Point Break
50%
Imprisoned commando is called upon to rescue Christian missionaries in Burma Rambo
50%
FBI agent faces the harsh reality when taking down a Mexican drug lord Sicario
50%
David O. Russell Two people with mental illness fall in love while practicing for a dance competition. The father of one is a die-hard Eagles fan Silver Linings Playbook
50%
Sam Mendes Suave Scottish superagent battles terrorists at his family's ancestral estate Skyfall
50%
Kathryn Bigelow Sergeant is tasked with training a bomb disposal team during the Iraq War The Hurt Locker
50%
The final twelve hours in the life of Jesus of Nazareth, on the day of his crucifixion in Jerusalem The Passion of the Christ
50%
Man has jetpack technology but Nazi spies want to steal it The Rocketeer
50%
Antarctic researchers encounter an alien that can take the shapes of its victims The Thing
50%
One square mile of Boston is a breeding ground for bank robbers The Town
50%
Wife is oblivious to the fact that her husband is a super-spy, but eventually shebecomes entangled in a covert op True Lies
50%
Man survives a train crash with no injuries - is he superhuman? Unbreakable
50%
Legendary financier believes that greed is good, even if it meansviolating insider trading laws Wall Street
50%
The story of the decade-long manhunt to find Osama Bin Laden Zero Dark Thirty
50%
Decadence, depravity, and outrageous excess lead to the rise and fall of several ambitious dreamers in 1920s Hollywood Babylon
44%
15-years-old boy sells waterbeds in the 70s California Licorice Pizza
44%
College student finds a severed human ear in a field Blue Velvet
43%
Renowned warrior embarks on a mission to find his stolen jade sword in the 19th century China Crouching Tiger, Hidden Dragon
43%
Two astronomers discover a comet that will hit Earth in about six months Don't Look Up
43%
TV trivia programs of the 1950s are rigged! Quiz Show
43%
Robert Redford Rural horse man heals a horse and almost destroys a marriage The Horse Whisperer
43%
Drug dealer has freedom for a day as a he prepares to go to prison for seven years 25th Hour
40%
The Jellicles must decide who gets to Heaviside Layer and is granted a new life Cats
40%
Escaped convict starts a new life, but is doggedly pursued by a cold-hearted police inspector Les Misérables
40%
Notable pirate faces a mysterious woman from his past and Blackbeard when he sets sail in search of the legendary fountain of youth Pirates of the Caribbean: On Stranger Tides
40%
The drug-induced lives of four people are shattered when their addictions run deep Requiem for a Dream
40%
Alexander Payne A writer and English teacher travel through California wine country Sideways
40%
British POWs show the Japanese the proper way to build a bridge in Thailand The Bridge on theRiver Kwai
40%
Obese English teacher attempts to reconnect with his estranged teenage daughter The Whale
40%
There is nothing so beautiful as a plastic bag, dancing in the wind American Beauty
38%
In the smoke-filled newsrooms of the 1950s, one anchorman has the courage tostand up to McCarthy's Communist witch hunt Good Night, and Good Luck
38%
An assassin is on the run after his son witnesses a murder committed by his boss Road to Perdition
38%
George Clooney Allied soldiers try to recover art stolen by the Nazis The Monuments Men
38%
Quirky family of former child prodigies must deal with their scheming father The Royal Tenenbaums
36%
A car accident brings together three strangers who are struggling to deal with the harsh realities of life Amores perros
33%
Alejandro González Iñárritu Fading cinema star, plans to resurrect his career with a passionate Broadway play Birdman
33%
Very strange guy accompanies a soon-to-be dad to the birth of his child Due Date
33%
Life story of Neil Armstrong First Man
33%
Twins travel to Lebanon to uncover the hidden past of their deceased mother Incendies
33%
Disturbed young woman lives with her sister, and has nightmare when left alone Repulsion
33%
Fly fishing brothers grow up in Montana - one is rebellious, one is not A River Runs Through It
29%
Bisexual male street hustlers from Oregon visit an adjoining state and then Italy My Own Private Idaho
29%
Couple are devastated by the death of their older son. When their younger son attempts suicide, they attempt to rebuild their lives Ordinary People
29%
Financial trader gets rich by betting against the U.S. housing market The Big Short
29%
Three brothers travel across India by train The Darjeeling Limited
27%
In the year 1997, the entire island of Manhattan has beenturned into a maximum security prison Escape from New York
25%
In Okinawa, a pacifist soldier wins the Medal of Honor without firing a single shot Hacksaw Ridge
25%
A big-city detective helps two inept small-town cops investigate a serial killer Memories of Murder
25%
Early 1900s Paris cabaret singing star is terminally ill with tuberculosis Moulin Rouge!
25%
Girl must save her fictional big animal from a multinational conglomerate Okja
25%
Story of the rivalry between Niki Lauda and James Hunt Rush
25%
Local loser wins love of valedictorian by holding a boom box above his head Say Anything...
25%
Harvard symbologist must battle Catholic thugs to discover the truth about the holy grail The Da Vinci Code
25%
All-star cast of washed up action heroes conduct some sort of military mission The Expendables
25%
Vengeful ghosts exist in an unearthly mist that rolls into a small coastal town The Fog
25%
A new presidential candidate's idealistic staffer gets a crash course on dirty politics The Ides of March
25%
Soldiers conspire to steal Iraqi gold after the Gulf War Three Kings
25%
After a car crash, a rich young playboy can no longer distinguish reality from dreams Vanilla Sky
25%
Two American women fall for a local artist while visiting Spain during the summer Vicky Cristina Barcelona
25%
Retired widower travels by RV to stop the marriage of his daughter About Schmidt
20%
Rob Marshall It's the roaring 20s, and two sultry singers are in jail for murdering their mates Chicago
20%
Physician falls in extramarital love during the time of the Russian revolution Doctor Zhivago
20%
To increase his standard of living, a man is shrunk to less than 1% of his original size Downsizing
20%
A girl who is sold by her family, becomes a highly celebrated traditional hostess Memoirs of a Geisha
20%
Gang of thieves tries to corrupt an orphan in 19th century London Oliver Twist
20%
Demonic warrior protects the Earth from paranormal threat with his blue friend and fiery girlfriend Hellboy
17%
Talented black teen befriends an old reclusive writer Finding Forrester
14%
Adam McKay A tongue-in-cheek look at the life of Dick Cheney Vice
14%
In this Carl Sagan adaptation, a SETI scientist finds evidence of extraterrestrial life Contact
13%
Old-timey football players battle for supremacy and the affections of a woman Leatherheads
13%
A pro sniper must stop the assassination of the U.S. President, and himself Shooter
13%
Peter Weir Teacher helps prep school teens to truly appreciate literature Dead Poet Society
11%
English sea captain must hunt down a French ship near the Galapagos Islands Master and Commander:The Far Side of the World
11%
Martin Brest Street-savvy Detroit cop goes to Los Angeles to solve a murder Beverly Hills Cops
0%
While Englishmen drink tea, free-spirited Australians fight a brutal andill-conceived battle in Turkey Gallipoli
0%
Two Boston area detectives investigate a little girl's kidnapping, which ultimately turns into a crisis both professionally and personally Gone Baby Gone
0%
Boston-bred gangsters set up shop in balmy Florida during the Prohibition era Live by Night
0%
A small-town farmer's son reluctantly joins a traveling group of vampires after he is bitten by a beautiful drifter Near Dark
0%
Men in their thirties start an all-ages college fraternity Old School
0%
The White House is improbably captured by North Koreans,and only a disgraced former Secret Service agent can save the President Olympus Has Fallen
0%
Former disco king dreams about performing on Broadway Staying Alive
0%
Hawaiian man must decide what to do with his family's vast Hawaiian land holdings The Descendants
0%
Antoine Fuqua Aging vigilante goes on a rampage against the Russian Mafia The Equalizer
0%
Burglar joins band of dwarves to reclaim their home from a dragon,and finds a magic thing along the way The Hobbit:An Unexpected Journey
0%
The spirit of a young murdered girl tries to reveal her murder's name to her family The Lovely Bones
0%
No matching quizzes found
Score Distribution
Percent of People with Each Score
Percentile by Number Answered
Your Score History
You have not taken this quiz